<?xml version="1.0" encoding="UTF-8"?>
<record
    xmlns:xsi="http://www.w3.org/2001/XMLSchema-instance"
    xsi:schemaLocation="http://www.loc.gov/MARC21/slim http://www.loc.gov/standards/marcxml/schema/MARC21slim.xsd"
    xmlns="http://www.loc.gov/MARC21/slim">

  <leader>01709nam a22001817a 4500</leader>
  <controlfield tag="008">200312b        xxu||||| |||| 00| 0 eng d</controlfield>
  <datafield tag="020" ind1=" " ind2=" ">
    <subfield code="a">9781259717789</subfield>
  </datafield>
  <datafield tag="050" ind1=" " ind2=" ">
    <subfield code="a">HG3881.E655(8e)</subfield>
  </datafield>
  <datafield tag="100" ind1=" " ind2=" ">
    <subfield code="a">Eun, Cheol S.</subfield>
  </datafield>
  <datafield tag="245" ind1=" " ind2=" ">
    <subfield code="a">International financial management. /</subfield>
    <subfield code="c">Cheol S. Eun and Bruce G. Resnick.</subfield>
  </datafield>
  <datafield tag="250" ind1=" " ind2=" ">
    <subfield code="a">8th ed.</subfield>
  </datafield>
  <datafield tag="260" ind1=" " ind2=" ">
    <subfield code="a">New York :</subfield>
    <subfield code="b">McGraw Hill Education, </subfield>
    <subfield code="c">2018.</subfield>
  </datafield>
  <datafield tag="300" ind1=" " ind2=" ">
    <subfield code="a">xxii, 549 p. :</subfield>
    <subfield code="b">ill. ;</subfield>
    <subfield code="c">29 cm.</subfield>
  </datafield>
  <datafield tag="500" ind1=" " ind2=" ">
    <subfield code="a">Includes index.</subfield>
  </datafield>
  <datafield tag="505" ind1=" " ind2=" ">
    <subfield code="a">Contents: Part one: Foundations of international financial management: Globalization and the multinational firm -- International monetary system -- Balance of payments -- Corporate governance around the world -- Part two: The foreign exchange market, exchange rate determination, and currency derivatives: The market for foreign exchange -- International parity relationships and forecasting foreign exchange rates -- Futures and options on foreign exchange -- Part three: Foreign exchange exposure and management: Management of transaction exposure -- Management of economic exposure -- Management of translation exposure -- Part four: World financial markets and institutions: International banking and money market -- International bond market -- International equity markets -- Interest rate and currency swaps -- International portfolio investment -- Part five: Financial management of the multinational firm: Foreign direct investment and cross-border acquisitions -- International capital structure and the cost of capital -- International capital budgeting -- Multinational cash management -- International trade finance -- International tax environment and transfer pricing.</subfield>
  </datafield>
  <datafield tag="700" ind1=" " ind2=" ">
    <subfield code="a">Resnick, Bruce G.</subfield>
  </datafield>
  <datafield tag="942" ind1=" " ind2=" ">
    <subfield code="2">lcc</subfield>
    <subfield code="c">BK</subfield>
  </datafield>
  <datafield tag="999" ind1=" " ind2=" ">
    <subfield code="c">7172</subfield>
    <subfield code="d">14672</subfield>
  </datafield>
  <datafield tag="952" ind1=" " ind2=" ">
    <subfield code="0">0</subfield>
    <subfield code="1">0</subfield>
    <subfield code="2">lcc</subfield>
    <subfield code="4">0</subfield>
    <subfield code="7">0</subfield>
    <subfield code="a">WIUC-1</subfield>
    <subfield code="b">WIUC-1</subfield>
    <subfield code="c">REF</subfield>
    <subfield code="d">2020-03-12</subfield>
    <subfield code="l">0</subfield>
    <subfield code="o">HG3881.E655(8e)</subfield>
    <subfield code="p">8606/058/20</subfield>
    <subfield code="r">2020-03-12 00:00:00</subfield>
    <subfield code="t">1</subfield>
    <subfield code="w">2020-03-12</subfield>
    <subfield code="y">BK</subfield>
  </datafield>
  <datafield tag="952" ind1=" " ind2=" ">
    <subfield code="0">0</subfield>
    <subfield code="1">0</subfield>
    <subfield code="2">lcc</subfield>
    <subfield code="4">0</subfield>
    <subfield code="7">0</subfield>
    <subfield code="a">WIUC-1</subfield>
    <subfield code="b">WIUC-1</subfield>
    <subfield code="c">REF</subfield>
    <subfield code="d">2020-03-12</subfield>
    <subfield code="l">0</subfield>
    <subfield code="o">HG3881.E6551(8e)</subfield>
    <subfield code="p">8607/059/20</subfield>
    <subfield code="r">2020-03-12 00:00:00</subfield>
    <subfield code="t">2</subfield>
    <subfield code="w">2020-03-12</subfield>
    <subfield code="y">BK</subfield>
  </datafield>
</record>
